|
|
|
|
| LEADER |
00000nab a2200000 a 4500 |
| 001 |
vtls009286573 |
| 003 |
SK-MaSNL |
| 005 |
20260303060245.0 |
| 008 |
140301c20080131xo dr|p|||||||000 b|slo |
| 015 |
|
|
|a SNBRB2008/04
|2 snkbucl
|
| 038 |
|
|
|a SNKBUCL
|
| 040 |
|
|
|a SNKBUCL
|b slo
|c SNKBUCL
|e AACR2
|
| 041 |
0 |
|
|a slo
|
| 044 |
|
|
|a xo
|c SK
|
| 080 |
|
|
|a 796.342.071.4
|2 2001
|
| 100 |
1 |
|
|a Trávniček, Vladimír
|4 aut
|9 277482
|
| 245 |
1 |
0 |
|a Ten, čo dokáže robiť z talentov hviezdy
|b náš tenisový tréner Marián Vajda priviedol do svetovej špičky Novaka Djokoviča aj Dominika Hrbatého
|c Vladimír Trávniček
|
| 300 |
|
|
|b Fotogr.
|
| 600 |
1 |
7 |
|a Vajda, Marián,
|d 1965-
|2 snkbucl
|9 109375
|
| 650 |
0 |
7 |
|a tenis
|2 snkbucl
|9 3293
|
| 773 |
0 |
|
|t Hospodárske noviny
|g Roč. XVI., č. 22 (31.1.2008), s. 11
|x 1335-4701
|
| 852 |
|
|
|a SNK
|b KIS3GCP
|
| 958 |
|
|
|a SK
|
| 999 |
|
|
|c 1730743
|d 1732673
|